<?xml version="1.0" encoding="UTF-8"?>
<record
    xmlns:xsi="http://www.w3.org/2001/XMLSchema-instance"
    xsi:schemaLocation="http://www.loc.gov/MARC21/slim http://www.loc.gov/standards/marcxml/schema/MARC21slim.xsd"
    xmlns="http://www.loc.gov/MARC21/slim">

  <leader>01518nam a2200301 a 4500</leader>
  <controlfield tag="003">AR-BeUNQ</controlfield>
  <controlfield tag="005">20240514185227.0</controlfield>
  <controlfield tag="007">ta</controlfield>
  <controlfield tag="008">240514s2019    ag     jr     000 f spa  </controlfield>
  <datafield tag="020" ind1=" " ind2=" ">
    <subfield code="a">9789875457645</subfield>
  </datafield>
  <datafield tag="040" ind1=" " ind2=" ">
    <subfield code="a">AR-BaBN</subfield>
    <subfield code="b">spa</subfield>
    <subfield code="c">AR-BaBN</subfield>
    <subfield code="e">aacr</subfield>
    <subfield code="d">AR-BeUNQ</subfield>
  </datafield>
  <datafield tag="044" ind1=" " ind2=" ">
    <subfield code="a">ag</subfield>
    <subfield code="c">ar-c</subfield>
  </datafield>
  <datafield tag="082" ind1=" " ind2=" ">
    <subfield code="a">Ar863</subfield>
  </datafield>
  <datafield tag="100" ind1="1" ind2=" ">
    <subfield code="a">Kolesnicov, Patricia,</subfield>
    <subfield code="d">1965-</subfield>
  </datafield>
  <datafield tag="245" ind1="1" ind2="0">
    <subfield code="a">Me enamor&#xE9; de una vegetariana /</subfield>
    <subfield code="c">Patricia Kolesnicov.</subfield>
  </datafield>
  <datafield tag="250" ind1=" " ind2=" ">
    <subfield code="a">2a ed.</subfield>
  </datafield>
  <datafield tag="260" ind1=" " ind2=" ">
    <subfield code="a">Buenos Aires :</subfield>
    <subfield code="b">Grupo Editorial Norma,</subfield>
    <subfield code="c">2019.</subfield>
  </datafield>
  <datafield tag="300" ind1=" " ind2=" ">
    <subfield code="a">268 p. ;</subfield>
    <subfield code="c">21 cm.</subfield>
  </datafield>
  <datafield tag="490" ind1="1" ind2=" ">
    <subfield code="a">Zona Libre</subfield>
  </datafield>
  <datafield tag="520" ind1="3" ind2=" ">
    <subfield code="a">Martina es parecida a su pap&#xE1;: responsable y organizada. A su divisi&#xF3;n llega una nueva compa&#xF1;era, Aldana, que se define con una sola palabra: &#x201C;vegetariana&#x201D;. Aldana quiere volver a Espa&#xF1;a, donde vivi&#xF3; con su familia, para reencontrarse con su novio. Y Martina parece dispuesta a montar los planes m&#xE1;s desopilantes para ayudarla a juntar la plata que necesita para viajar. A medida que pasen m&#xE1;s tiempo juntas, ambas descubrir&#xE1;n que el v&#xED;nculo que las une es especial. &#xBF;Ser&#xE1; que el amor, ese sentimiento que hace que veamos todo como a trav&#xE9;s de lentes 3D, se interpuso en sus planes?</subfield>
    <subfield code="c">(Descripci&#xF3;n del editor).</subfield>
  </datafield>
  <datafield tag="650" ind1=" " ind2="7">
    <subfield code="a">Literatura argentina</subfield>
    <subfield code="2">tell</subfield>
  </datafield>
  <datafield tag="650" ind1=" " ind2="7">
    <subfield code="a">Literatura juvenil</subfield>
    <subfield code="2">tell</subfield>
  </datafield>
  <datafield tag="655" ind1=" " ind2="7">
    <subfield code="a">Novelas</subfield>
    <subfield code="2">tell</subfield>
  </datafield>
  <datafield tag="830" ind1=" " ind2="0">
    <subfield code="a">Zona Libre (Norma)</subfield>
  </datafield>
  <datafield tag="929" ind1=" " ind2=" ">
    <subfield code="a">COMPRA</subfield>
    <subfield code="b">C&#xFA;spide Libros S. A.</subfield>
    <subfield code="c">Exp. 827-2000/2023</subfield>
    <subfield code="d">4140</subfield>
    <subfield code="e">20231213</subfield>
    <subfield code="f">PAT0081072</subfield>
    <subfield code="h">1</subfield>
    <subfield code="j">62218</subfield>
  </datafield>
  <datafield tag="942" ind1=" " ind2=" ">
    <subfield code="c">LIB</subfield>
  </datafield>
  <datafield tag="999" ind1=" " ind2=" ">
    <subfield code="c">1013</subfield>
    <subfield code="d">1013</subfield>
  </datafield>
  <datafield tag="952" ind1=" " ind2=" ">
    <subfield code="0">0</subfield>
    <subfield code="1">0</subfield>
    <subfield code="a">BIBESET</subfield>
    <subfield code="b">BIBESET</subfield>
    <subfield code="c">circulacion</subfield>
    <subfield code="d">2024-05-14</subfield>
    <subfield code="o">Ar 863 MEE</subfield>
    <subfield code="p">62218</subfield>
    <subfield code="r">2024-05-14</subfield>
    <subfield code="t">1</subfield>
    <subfield code="y">LIB</subfield>
  </datafield>
</record>
